Microbios en acción (Record no. 140145)

MARC details
000 -LEADER
campo de control de longitud fija 00833nam a2200217 4500
001 - NÚMERO DE CONTROL
campo de control 140145
003 - IDENTIFICADOR DE NÚMERO DE CONTROL
campo de control ES-MaACL
005 - FECHA Y HORA DE LA ÚLTIMA TRANSACCIÓN
campo de control 20230906200022.0
007 - CAMPO FIJO DE DESCRIPCIÓN FÍSICA--INFORMACIÓN GENERAL
campo de control de longitud fija t|
008 - DATOS DE LONGITUD FIJA--INFORMACIÓN GENERAL
campo de control de longitud fija 070214s1973 sp r ||||1| spa d
100 1# - ENTRADA PRINCIPAL--NOMBRE DE PERSONA
Nombre de persona Seeley, Harry W.
9 (RLIN) 105086
245 10 - MENCIÓN DEL TÍTULO
Título Microbios en acción
Resto del título : manual de laboratorio para microbiología /
Mención de responsabilidad, etc. Harry W. Seeley, Paul J. Van Demark ; traducido bajo la dirección del profesor J.R. Villanueva y el Dr. I. García-Acha ; con la colaboración de los doctores C. Asensio ... [et al.].
260 ## - PUBLICACIÓN, DISTRIBUCIÓN, ETC.
Lugar de publicación, distribución, etc. Madrid :
Nombre del editor, distribuidor, etc. Blume,
Fecha de publicación, distribución, etc. 1973.
300 ## - DESCRIPCIÓN FÍSICA
Extensión VIII p., 361 p. :
Otras características físicas il. ;
Dimensiones 28 cm.
650 00 - PUNTO DE ACCESO ADICIONAL DE MATERIA--TÉRMINO DE MATERIA
Término de materia o nombre geográfico como elemento de entrada Microbiología.
9 (RLIN) 15023
700 1# - ENTRADA AGREGADA--NOMBRE PERSONAL
Nombre de persona Demark, Paul J. Van.
9 (RLIN) 43626
700 1# - ENTRADA AGREGADA--NOMBRE PERSONAL
Nombre de persona Villanueva, J. R.
9 (RLIN) 115021
700 1# - ENTRADA AGREGADA--NOMBRE PERSONAL
Nombre de persona García-Acha, I.
9 (RLIN) 54114
700 1# - ENTRADA AGREGADA--NOMBRE PERSONAL
Nombre de persona Asensio, C.
9 (RLIN) 23579
852 ## - LOCALIZACIÓN
Ubicación ES-MaACL
Número de control de estantería C-55887
Holdings
Estatus retirado Estado de pérdida Estado de daño No para préstamo Biblioteca de origen Biblioteca actual Ubicación en estantería Fecha de adquisición Fuente de adquisición Total de préstamos Signatura topográfica completa Código de barras Visto por última vez Precio de reemplazo Tipo de ítem Koha
        Biblioteca del Ateneo de Madrid Biblioteca del Ateneo de Madrid Depósito 2 17/01/2008     C-55887 1145841 23/02/2023 23/02/2023 Libro impreso